Statistiques concernant Assassination Classroom - Quiz avec carte

Cliquez ici pour prendre le quiz!

Statistiques générales

  • Ce quiz a été pris 307 fois
  • Le résultat moyen est 12 sur 28

Réponses sur la Carte

Les réponses sont colorées sur une échelle allant du rouge au vert en fonction du pourcentage des utilisateurs qui les ont devinées à leur premier essai. Vous pouvez retrouver ces pourcentages ci-dessous.
 

Statistiques - réponses

#Elèves% Correct
E-11Nagisa Shiota
95%
E-1Karma Akabane
94%
E-17Rio Nakamura
58%
E-7Kaede Kayano
56%
E-16Ryoma Terasaka
50%
E-28Itona Horibe
47%
E-27Ritsu
47%
E-2Yuma Isogai
44%
E-9Justice Kimura
41%
E-13Tomohito Sugino
40%
E-5Manama Okuda
39%
E-22Hiroto Maehara
38%
E-8Yukiko Kanzaki
38%
E-3Hinata Okano
36%
E-6Meg Kataoka
36%
E-20Rinka Hayami
34%
E-15Ryunosuke Chiba
34%
E-19Sumire Hara
33%
E-4Taiga Okajima
33%
E-18Kirara Hazama
32%
E-25Toka Yada
31%
E-23Koki Mimura
30%
E-14Kotaro Takebayashi
30%
E-26Taisei Yoshida
30%
E-10Hinano Kurahashi
28%
E-12Sosuke Sugaya
28%
E-21Yuzuki Fuwa
28%
E-24Takuya Muramatsu
27%

Distribution des résultats

Percentile par nombre de réponses

% des personnes avec chaque résultat

Votre développement - résultats

Vous n’avez pas pris ce quiz